Visions for education : (Record no. 1489)

MARC details
000 -LEADER
fixed length control field 00747nam a22002177a 4500
003 - CONTROL NUMBER IDENTIFIER
control field OSt
005 - DATE AND TIME OF LATEST TRANSACTION
control field 20250812071359.0
008 - FIXED-LENGTH DATA ELEMENTS--GENERAL INFORMATION
fixed length control field 240627b |||||||| |||| 00| 0 eng d
020 ## - INTERNATIONAL STANDARD BOOK NUMBER
International Standard Book Number 9715555217
040 ## - CATALOGING SOURCE
Original cataloging agency DWCL-Main Lib.
Transcribing agency OC
082 ## - DEWEY DECIMAL CLASSIFICATION NUMBER
Classification number Fil. 370.9599 V831 2005
100 ## - MAIN ENTRY--PERSONAL NAME
Personal name Bernardo, Allan B.I
245 ## - TITLE STATEMENT
Title Visions for education :
Remainder of title essay on Philippine education in honor of Br. Andrew Gonzalez FSC/
Statement of responsibility, etc. Allan B.I Bernardo & Roberto T. Borromeo
260 ## - PUBLICATION, DISTRIBUTION, ETC.
Place of publication, distribution, etc. Manila, Philippines :
Name of publisher, distributor, etc. De La Salle University,
Date of publication, distribution, etc. c2005.
300 ## - PHYSICAL DESCRIPTION
Extent ix, 231 pages :
Other physical details illustrations ;
Dimensions 23cm.
650 ## - SUBJECT ADDED ENTRY--TOPICAL TERM
Topical term or geographic name entry element 1. Education.
651 ## - SUBJECT ADDED ENTRY--GEOGRAPHIC NAME
Geographic name 2. Philippines.
700 ## - ADDED ENTRY--PERSONAL NAME
Personal name Bernardo, Allan B.I
700 ## - ADDED ENTRY--PERSONAL NAME
Personal name Borromeo, Roberto B.
942 ## - ADDED ENTRY ELEMENTS (KOHA)
Source of classification or shelving scheme Dewey Decimal Classification
Koha item type Book-Filipiniana
Call number prefix Fil.
Suppress in OPAC No
952 ## - LOCATION AND ITEM INFORMATION (KOHA)
--
Holdings
Withdrawn status Lost status Source of classification or shelving scheme Damaged status Not for loan Home library Current library Shelving location Date acquired Source of acquisition Cost, normal purchase price Total Checkouts Full call number Barcode Date last seen Copy number Price effective from Koha item type Uniform Resource Identifier
    Dewey Decimal Classification     College Library College Library Filipiniana 10/17/2023 Donation 0.00   Fil. 370.9599 V831 2005 CL53992 06/27/2024 c1 06/27/2024 BK - FIL